Statistics for NFL Quarterbacks - 5,000 Yards in a Season

Click here to take the quiz!

General Stats

  • This quiz has been taken 4,936 times
    (3,810 since last reset)
  • The average score is 7 of 9

Answer Stats

Year(s)Quarterback% Correct
2011, 2021Tom Brady
99%
2008, 2011, 2012, 2013, 2016Drew Brees
95%
2018, 2022Patrick Mahomes
95%
2013Peyton Manning
94%
1984Dan Marino
72%
2021Justin Herbert
65%
2018Ben Roethlisberger
63%
2019Jameis Winston
56%
2011Matthew Stafford
53%

Score Distribution

Percentile by Number Answered

Percent of People with Each Score

Your Score History

You have not taken this quiz since the last reset